000 00607nam a2200193Ia 4500
005 20250508164930.0
008 008 250505s9999 xx 000 0 hin d
037 _aDissertations
040 _aFEDL
_beng
_cFEDL
041 _ahin
_2eng
084 _a372, GAU/DI
_qFEDL
100 _aGaur Vandana
_9775470
245 0 _aPrathmik shiksha me gunatmak sudhar ki drishti se Delhi ke mandaliya shiksha evam prashikshan sansthaon ka addhyan
260 _c1994
300 _a68p.
546 _aM. Ed. Dissertation (Delhi University)
942 _cDIS
_h372, GAU/DI
999 _c1392105
_d1392105